| 000 | 01059nam2a2200313 4500 | ||
|---|---|---|---|
| 001 | RU\NLR\bibl\143529 | ||
| 005 | 20250618045359.0 | ||
| 010 |
_a5-7897-0142-6 _95000 |
||
| 021 |
_aRU _b2000-42340 _91955 |
||
| 035 | _a(NLR Aleph) 000140608 | ||
| 090 |
_a804787 _c804787 |
||
| 100 | _a20010320d2000 |||y0rusy50 ca | ||
| 101 | 0 | _arus | |
| 102 | _aRU | ||
| 105 | _aa ||||||||| | ||
| 200 | 0 | _aЧ. 1 | |
| 210 |
_d2000 _aБ. м. |
||
| 215 |
_a189,[1] с. _cграф. |
||
| 461 | 0 |
_1001RU\NLR\bibl\146287 _12001#$aАлгебра$vЧ. 1 _9821015 _cМ. _d2000 _f[Колягин Ю.М., Сидоров Ю.В., Ткачева М.В. и др.] _nРос. ин-т непрерыв. образования _oУчеб. пособие для 9 кл. _tАлгебра _vЧ. 1 |
|
| 610 | 0 | _aАлгебра | |
| 675 |
_a373.167.1:512+512(075.3) _v3 _zrus |
||
| 686 |
_a14.25 _2rugasnti |
||
| 686 |
_a22.141я721 _2rubbk |
||
| 801 | 0 |
_aRU _bRKP _c20010320 _gPSBO |
|
| 801 | 1 |
_aRU _bRKP _c20010320 |
|
| 801 | 2 |
_aRU _bNLR _c20010411 _grcr |
|
| 942 | _cBOOK | ||
| 980 | _aNB | ||